000 01097nam a2200265 a 4500
005 20160825020003.0
008 140127b2006 ck ||||| |||| 00| 0 spa d
020 _a9588151686
040 _cCO-Bo-IH
041 _aspa
044 _ack
082 0 4 _a025
_bI17g
110 2 _aColombia .
_bInstituto de Investigación de Recursos Biológicos Alexander von Humboldt
_928876
245 1 0 _aGuía para la elaboración de documentos de la colección Humboldt.
260 _aBogotá :
_bInstituto de Investigación de Recursos Biológicos Alexander von Humboldt,
_bMinisterio de Ambiente, Vivienda y Desarrollo Territorial,
_c2006.
300 _a100 pag.
_bfot., tablas.
_c28 cm.
504 _aIncluyes referencias bibliográficas (pag 99-100)
650 0 4 _aOrganización de Información
_928877
650 0 6 _aDocumentación
_xNormas Técnicas
_928878
650 0 6 _aTrabajos Escritos
_xElaboración
_xNormas técnicas
_928879
650 0 4 _aColección Humboldt
_928880
700 1 _aVilla, Claudia María
_ecoord.
_928853
700 1 _aNieto-Montaño, Francisco
_efot.
_928881
942 _cLIBRO
_2ddc
_04
999 _c5495
_d5495